<?xml version="1.0" encoding="UTF-8"?>
<record
    xmlns:xsi="http://www.w3.org/2001/XMLSchema-instance"
    xsi:schemaLocation="http://www.loc.gov/MARC21/slim http://www.loc.gov/standards/marcxml/schema/MARC21slim.xsd"
    xmlns="http://www.loc.gov/MARC21/slim">

  <leader>00492nam a2200169Ia 4500</leader>
  <controlfield tag="008">230718s9999    xx            000 0 und d</controlfield>
  <datafield tag="020" ind1=" " ind2=" ">
    <subfield code="a">9781439144633</subfield>
  </datafield>
  <datafield tag="041" ind1=" " ind2=" ">
    <subfield code="a">eng</subfield>
  </datafield>
  <datafield tag="082" ind1=" " ind2=" ">
    <subfield code="a">658.8'1</subfield>
    <subfield code="b">JOL</subfield>
  </datafield>
  <datafield tag="100" ind1=" " ind2=" ">
    <subfield code="a">Jolles R.L.</subfield>
    <subfield code="9">117371</subfield>
  </datafield>
  <datafield tag="245" ind1=" " ind2=" ">
    <subfield code="a">Customer Centered Selling:</subfield>
    <subfield code="b">Sales Techniques For A New World Economy</subfield>
  </datafield>
  <datafield tag="260" ind1=" " ind2=" ">
    <subfield code="c">2009</subfield>
    <subfield code="b">Free Press</subfield>
  </datafield>
  <datafield tag="300" ind1=" " ind2=" ">
    <subfield code="a">362</subfield>
  </datafield>
  <datafield tag="365" ind1=" " ind2=" ">
    <subfield code="c">Rs.</subfield>
    <subfield code="b">528.00</subfield>
  </datafield>
  <datafield tag="700" ind1=" " ind2=" ">
    <subfield code="a">Jolles R.L.</subfield>
    <subfield code="9">117371</subfield>
  </datafield>
  <datafield tag="906" ind1=" " ind2=" ">
    <subfield code="d">O:0085605-Jun-2010B:408703-May-2010</subfield>
    <subfield code="c">MGMT</subfield>
    <subfield code="b">105.6</subfield>
  </datafield>
  <datafield tag="999" ind1=" " ind2=" ">
    <subfield code="c">325005</subfield>
    <subfield code="d">325005</subfield>
  </datafield>
  <datafield tag="952" ind1=" " ind2=" ">
    <subfield code="0">0</subfield>
    <subfield code="1">0</subfield>
    <subfield code="4">0</subfield>
    <subfield code="7">0</subfield>
    <subfield code="a">CCEP</subfield>
    <subfield code="b">CCEP</subfield>
    <subfield code="d">2010-06-05</subfield>
    <subfield code="e">Tbs</subfield>
    <subfield code="f">MGMT</subfield>
    <subfield code="g">422.40</subfield>
    <subfield code="i">4087</subfield>
    <subfield code="l">0</subfield>
    <subfield code="o">658.8'1</subfield>
    <subfield code="p">CCEP-BK-36212</subfield>
    <subfield code="r">2023-07-18 00:00:00</subfield>
    <subfield code="t">105.6</subfield>
    <subfield code="v">528.00</subfield>
    <subfield code="w">2010-05-03</subfield>
    <subfield code="y">BK</subfield>
    <subfield code="z">036212</subfield>
  </datafield>
</record>
